000 00436nam a2200145Ia 4500
008 230917s9999||||xx |||||||||||||| ||und||
040 _e172766
_aMAIN
041 _aEnglish
082 _a891.433721 GT949J
100 _aगुजराल, तरसेम
245 0 _aजलता हुआ गुलाब
260 _aनई दिल्ली
_bवाणी प्रकाशन
_c1989
300 _a156 पृ. p.
942 _cHN
999 _c63647
_d63647